Responses for show #1201 - Monday, November 20, 1989

Bill Nyden game 2.

Contestants

[<< previous game]

Jim Dompkowski, a financial analyst from Portland, Maine

Kathy Hall, a teacher from Johnson City, Tennessee

Bill Nyden, a computer programmer and analyst from Mountain View, California (whose 1-day cash winnings total $12,401)

[next game >>]

Jeopardy! Round responses

STARTS WITH "E"
AMERICAN INDIANS
FOOD
SINGERS
TECHNOLOGY
MOVIES IN OTHER WORDS
    $100 8
Extra Sensory

Jim
    $100 17
Chicago

Triple Stumper
    $100 4
Jefferson Davis

Jim
    $100 16
Marie Osmond

Bill
    $100 1
guns

Bill
    $100 20
Singin' in the Rain

Bill
    $200 9
equestrienne

Bill
    $200 18
(Jim: Who is Squantum?)
[Jim was ruled correct; reversed before DJ!]

Squanto

Jim
Triple Stumper
    $200 5
white

Bill
    $200 19
Michelle Phillips

Kathy
    $200 2
steam

Bill
    $200 21
Throw Momma from the Train

Kathy
    $300 11
(Kathy: What are diamonds?)

emeralds

KathyJim
    $1,000 28
peace pipe

Kathy
    $300 10
pancakes

Kathy
    $300 25
Brian Wilson

Kathy
    $300 3
phonograph records

Jim
    $300 22
All About Eve

Bill
    $400 14
(Jim: What is an emigre?)

expatriate

BillJim
    $400 29
Black Hawk

Triple Stumper
    $400 12
leeks

Triple Stumper
    $400 26
(Alex: Less than a minute to go.)

(Eddie) Van Halen

Jim
    $400 6
springs

Bill
    $400 23
Guess Who's Coming to Dinner?

Bill
    $500 15
espadrille

Kathy
    $500 30
William Henry Harrison

Jim
    $500 13
(Jim: What is cow?)

tripe

KathyJim
    $500 27
George Jones

Kathy
    $500 7
mouse

Kathy
    $500 24
I Was A Teenage Werewolf

Kathy

Scores at the first commercial break (after clue 14):

Bill Kathy Jim
$1,500 $1,000 -$100

Scores at the end of the Jeopardy! Round:

Bill Kathy Jim
$2,400 $4,200 $600

Double Jeopardy! Round responses

PRESIDENTIAL TRIVIA
PLAYWRIGHTS
PLANTS
CHINA
BIBLICAL QUOTES
NEW YEAR'S BABIES
    $200 1
Calvin Coolidge

Jim
    $200 6
Berlin

Bill
    $200 26
tulip

Bill
    $200 21
jade

Bill
    $200 9
the Omega

Bill
    $200 8
Betsy Ross

Bill
    $400 2
Ronald Reagan

Jim
    $400 7
Children of a Lesser God

Jim
    $400 27
birch

Bill
    $400 22
Mao Tse-tung

Bill
    $400 10
the word

Bill
    $400 12
Barry Goldwater

Jim
    $600 3
Thomas Jefferson

Jim
    $600 18
The Virginian

Triple Stumper
    $600 28
[end-of-round signal sounds]

breadfruit

Bill
    $1,200 23
(Alex: Minute to go in this round.)

Sun Yat-sen

Bill
    $600 11
(Bill: What is faith?)

charity

BillJim
    $600 13
(Jim: Who was Harriman?)

J. Edgar Hoover

Jim
Triple Stumper
    $800 4
(Bill: Who was McKinley?)

Chester Arthur

BillJim
    $800 19
Arthur Miller

Triple Stumper
    $800 24
(Bill: What is Cantonese?)

Mandarin

BillJim
    $800 15
death

Bill
    $800 14
Lorenzo (the Magnificent) de' Medici

Bill
    $1000 5
(Bill: Who were both Roosevelts?)

Theodore & Franklin Roosevelt & Martin Van Buren

Bill
    $3,000 20
(Kathy: Who was Ibsen?)

August Strindberg

Kathy
    $1000 25
junks

Bill
    $1000 16
mammon

Jim
    $1000 17
(Alex: Welcome back to the game!)

J.D. Salinger

Kathy

Scores at the end of the Double Jeopardy! Round:

Bill Kathy Jim
$7,800 $2,200 $5,200

[wagering suggestions for these scores]

Final Jeopardy! Round responses

THE CENSUS
KathyWhat are Wyoming, Alaska and Montana?
$2,200
JimWhat are Alaska, Wyoming and Nevada?
$5,200
BillWhat are Alaska, Nevada & New Mexico?
$2,601
(3 of) Alaska, Montana, Nevada, North Dakota, South Dakota & Wyoming

Final scores:

Bill Kathy Jim
$5,199 $4,400 $10,400
2nd place: Keller Furniture dining set & International Silver Co. flatware set 3rd place: "Shoppers" serigraph from Martin Lawrence Galleries New champion: $10,400

Game dynamics:

Coryat scores:

Bill Kathy Jim
$7,200 $4,500 $5,200
24 R
(including 1 DD),
3 W
11 R
(including 1 DD),
2 W
(including 1 DD)
15 R,
4 W

Combined Coryat: $16,900

The J! Archive is created by fans, for fans. The Jeopardy! game show and all elements thereof, including but not limited to copyright and trademark thereto, are the property of Jeopardy Productions, Inc. and are protected under law. This website is not affiliated with, sponsored by, or operated by Jeopardy Productions, Inc. Join the discussion at JBoard.tv.